[Event "Araraquara op 2nd"]
[Site "Araraquara"]
[Date "2024.02.13"]
[Round "7"]
[White "Suzuki, Edgard Nascimento S"]
[Black "Pereira Fo, Hildebrando Apolon"]
[Result "1-0"]
[WhiteElo "1800"]
[BlackElo "1507"]
[PlyCount "89"]
[EventDate "2024.02.10"]
[EventType "swiss"]
[EventRounds "7"]
[EventCountry "BRA"]
[SourceTitle "CB09_2024"]
[SourceDate "2024.02.28"]
[SourceVersion "1"]
[SourceVersionDate "2024.02.28"]
[SourceQuality "1"]

1. e4 c5 2. Nf3 d6 3. d4 cxd4 4. Nxd4 Nf6 5. Nc3 g6 6. Be3 Bg7 7. f3 a6 8. Qd2 Bd7 9. Bh6 Bxh6 10. Qxh6 Qb6 11. 0-0-0 Nc6 12. Qd2 Nxd4 13. Qxd4 Qxd4 14. Rxd4 Rc8 15. g3 b5 16. a4 bxa4 17. Bxa6 Rxc3 18. bxc3 0-0 19. Rb4 Ra8 20. Bb5 a3 21. Kb1 Ra5 22. c4 Kf8 23. Ka2 Be6 24. Rhb1 Nd7 25. Bxd7 Bxd7 26. Rb8+ Kg7 27. R1b3 Be6 28. R8b4 Rc5 29. Kxa3 Bxc4 30. Rc3 Ra5+ 31. Ra4 Rxa4+ 32. Kxa4 Be2 33. Kb4 Kf6 34. Re3 Bf1 35. f4 e6 36. c4 Ke7 37. e5 Bg2 38. exd6+ Kxd6 39. Kb5 Kc7 40. Kc5 Bh3 41. Ra3 Bg2 42. Ra7+ Bb7 43. Rxb7+ Kxb7 44. Kd6 h5 45. h4 1-0

[Event "Araraquara op 2nd"]
[Site "Araraquara"]
[Date "2024.02.11"]
[Round "4"]
[White "Suzuki, Edgard Nascimento S"]
[Black "De Souza, Arthur Neres"]
[Result "0-1"]
[WhiteElo "1800"]
[BlackElo "1445"]
[PlyCount "64"]
[EventDate "2024.02.10"]
[EventType "swiss"]
[EventRounds "7"]
[EventCountry "BRA"]
[SourceTitle "CB09_2024"]
[SourceDate "2024.02.28"]
[SourceVersion "1"]
[SourceVersionDate "2024.02.28"]
[SourceQuality "1"]

1. e4 c5 2. Nf3 Nc6 3. d4 cxd4 4. Nxd4 g6 5. Nc3 Bg7 6. Be3 Nf6 7. Bc4 Qa5 8. 0-0 0-0 9. Qd2 d6 10. h3 Bd7 11. Nb3 Qc7 12. Bh6 Ne5 13. Be2 Bc6 14. Bxg7 Kxg7 15. Nd5 Bxd5 16. exd5 Rac8 17. c3 Nc4 18. Bxc4 Qxc4 19. Rfd1 b5 20. Na5 Qc7 21. Nc6 a6 22. Nd4 Qb6 23. Nc2 Rc5 24. Ne3 Rfc8 25. Qe2 Qb7 26. Qf3 a5 27. Rd4 a4 28. a3 Nd7 29. Rf4 Ne5 30. Qg3 e6 31. dxe6 fxe6 32. Qg5 Nf3+ 0-1